แสดงรายละเอียดบรรณานุกรม
  กลับหน้าหลัก

Brief Record : Get Marc (ISO 2709) : E-mail record : QR code ปิดหน้าต่าง
E-books : เกี่ยวกับ Collections
LEADER 00000nam 2200000uu 4500
008    150213s2553||||th 000 0 tha d
020     ^a9786161104528
041 0   ^atha
060  4  ^aQV766 ป451ค 2553
100 0   ^aปราโมทย์ เสถียรรัตน์...[และคนอื่นๆ].
245 00  ^aคู่มือการปลูกสมุนไพรที่เหมาะสม/^bปราโมทย์ เสถียรรัตน์...[และคนอื่นๆ].
260     ^aกรุงเทพฯ : ^bสถาบันการแพทย์แผนไทย กรมพัฒนาการแพทย์แผนไทยและการแพทย์ทางเลือก กระทรวงสาธารณสุข,^c2553.
300     ^a134 หน้า ;^bภาพประกอบ.
650  4  ^aสมุนไพร ^xคู่มือ ^xการปลูก
700 0   ^aปราโมทย์ เสถียรรัตน์
710 2   ^aกรมพัฒนาการแพทย์แผนไทยและการแพทย์ทางเลือก สถาบันการแพทย์แผนไทย.
999    ^aใช้งานได้ทุกระบบ
รายการนี้ยังไม่มีแท็ก
คุณยังไม่ได้ล็อกอิน คุณสามารถมีกิจกรรมร่วมกับเว็บไซต์ได้ แต่ต้องล็อกอินก่อน ::
  ล็อกอิน
ลำดับที่ ประเภท เลขเรียก สถานที่ สถานะ
1. หนังสือทั่วไป
หนังสือทั่วไป
QV766 ป451ค 2553  
  
หนังสือทั่วไป On Shelf
  ขอยืม
   [แสดง 1/1 รายการ]

BibComment


ยังไม่เคยถูกคอมเมนท์

คอมเมนท์ทรัพยากรรายการนี้
  คอมเมนท์: คู่มือการปลูกสม..
Bib 210369

 
 
 

 Union Library Management : ULibM
Copyright 2026. All Rights Reserved.
скачать бесплатно без регистрации порно красивый секс HD Sex Hindi sex

xxx gou

xxxx

bfxxx

xxxwww

Секса Видео

xxxx

Секса Видео

detube

geilexxx

C99 Shell

worms shell

blod xxx video
Ebony Coed Rihanna Rimes Takes A Dick In Her Young Twat priyaa indian fuck anal and pusssy hardcore indian women xxx desi hardcore fucking part 1 bengalixxxcouple